000 00575nam a22001817a 4500
003 Ost
005 20220930215639.0
008 220930b |||||||| |||| 00| 0 eng d
020 _a9789231002335
040 _cBT-PhCST
050 _aGD00899
082 _222
_aA6
_bUNESCO
100 _aUNESCO.
245 _aCracking the code :
_bgirls and women's education in science, technology, engineering and mathematics /
260 _aFrance :
_bUnited Nations Educational, Scientific and Cultural Organization,
_cc2017
300 _a85 p. :
_bill. ;
_c30 cm.
942 _2ddc
_cGOVT. DOC.
999 _c9123
_d9123